Spell the Marvel Character #21 - Statistics

General Stats
  • This quiz has been taken 44 times
  • The average score is 4 of 5
Answer Stats
Picture Answer % Correct
Namor the Sub-Mariner
97%
Vision
97%
Nova
86%
Adam Warlock
80%
Outlaw
63%
No matching quizzes found
Score Distribution
Percent of People with Each Score
Percentile by Number Answered
Your Score History
You have not taken this quiz